Fragmentos de otros mundos / (Registro nro. 14943)

Detalles MARC
000 -LEADER
fixed length control field 01123nam a2200325 i 4500
003 - CONTROL NUMBER IDENTIFIER
control field DO-SdBPM
005 - DATE AND TIME OF LATEST TRANSACTION
control field 20250220063152.0
007 - PHYSICAL DESCRIPTION FIXED FIELD--GENERAL INFORMATION
fixed length control field ta
008 - FIXED-LENGTH DATA ELEMENTS--GENERAL INFORMATION
fixed length control field 250124b2024 dr |||| 00| 0 spa d
020 ## - INTERNATIONAL STANDARD BOOK NUMBER
International Standard Book Number 9789945291254
040 ## - CATALOGING SOURCE
Original cataloging agency DO-SdBPM
Language of cataloging spa
Transcribing agency BPMSU
Description conventions rda
041 ## - LANGUAGE CODE
Language code of original spa
082 #4 - DEWEY DECIMAL CLASSIFICATION NUMBER
Classification number RD863.5
Item number M839f 2024
Edition number 22
100 ## - MAIN ENTRY--PERSONAL NAME
Personal name Morel Nolasco, Yeíla
Dates associated with a name 2008-
Relator term autor
245 10 - TITLE STATEMENT
Title Fragmentos de otros mundos /
Statement of responsibility, etc. Yeíla Morel Nolasco ; prólogo de Mirta Espinosa Lafuente
250 ## - EDITION STATEMENT
Edition statement
264 #4 - PRODUCTION, PUBLICATION, DISTRIBUTION, MANUFACTURE, AND COPYRIGHT NOTICE
Place of production, publication, distribution, manufacture Sa Pedro de Macorís, República Dominicana :
Name of producer, publisher, distributor, manufacturer Publicaciones Libertad,
Date of production, publication, distribution, manufacture, or copyright notice 2024
300 ## - PHYSICAL DESCRIPTION
Extent 30 páginas :
Other physical details Ilustraciones ;
Dimensions 27 cm.
336 ## - CONTENT TYPE
Content type term rdacontent
Content type code texto
Source txt
337 ## - MEDIA TYPE
Media type term rdamedia
Media type code sin mediación
Source n
338 ## - CARRIER TYPE
Carrier type term rdacarrier
Carrier type code volumen
Source nc
490 0# - SERIES STATEMENT
Series statement Colección de cuentos
500 ## - GENERAL NOTE
General note Incluye datos biográficos de la autora en la página, 29
590 ## - LOCAL NOTE (RLIN)
Local note Inventariado, 2025/VM
650 #4 - SUBJECT ADDED ENTRY--TOPICAL TERM
Topical term or geographic name as entry element cuentos infantiles dominicanos
650 #4 - SUBJECT ADDED ENTRY--TOPICAL TERM
Topical term or geographic name as entry element literatura infantil dominicana
700 1# - ADDED ENTRY--PERSONAL NAME
Personal name Espinosa Lafuente, Mirta
Relator term próloguista
910 ## - USER-OPTION DATA (OCLC)
User-option data VMateo V. Control de calidad BPMSU
942 ## - ADDED ENTRY ELEMENTS (KOHA)
Source of classification or shelving scheme Dewey Decimal Classification
Koha item type Libros
Existencias
Withdrawn status Lost status Source of classification or shelving scheme Damaged status Not for loan Collection code Home library Current library Date acquired Total Checkouts Full call number Barcode Date last seen Price effective from Koha item type
    Dewey Decimal Classification     Colección Infantil Dominicana Biblioteca Pública Metropolitana Salomé Ureña Biblioteca Pública Metropolitana Salomé Ureña 02/20/2025   BPMSU CDI RD863.5 M839f 2024 BPMSU25020025 02/20/2025 02/20/2025 Libros